Income sustainability through bee keeping in rubebr plantations under self-help groups: A comparative analysis of three regions in Kerala (Record no. 52309)

MARC details
000 -LEADER
fixed length control field 00539nam a2200133Ia 4500
100 ## - MAIN ENTRY--AUTHOR NAME
Personal name Claramma P.V.
245 #0 - TITLE STATEMENT
Title Income sustainability through bee keeping in rubebr plantations under self-help groups: A comparative analysis of three regions in Kerala
260 ## - PUBLICATION, DISTRIBUTION, ETC. (IMPRINT)
Name of publisher In: Towards Inclusive Rubber Development (Ed. C. Kuruvilla Jacob). The Rubber Board, Kottayam, India, pp. 245-251.
Year of publication 2009
700 ## - ADDED ENTRY--PERSONAL NAME
Personal name Gopakumar R.
700 ## - ADDED ENTRY--PERSONAL NAME
Personal name Kurian Moncy P
700 ## - ADDED ENTRY--PERSONAL NAME
Personal name Nair Ramesh B.
942 ## - ADDED ENTRY ELEMENTS (KOHA)
Koha item type Bibliography STAF
Holdings
Withdrawn status Lost status Damaged status Not for loan Home library Current library Date acquired Koha item type
      Bibliography RRII Library RRII Library 26/10/2009 Bibliography STAF